Mùa xuân của một thiên tài /
Sparad:
| Huvudupphovsman: | |
|---|---|
| Övriga upphovsmän: | , |
| Materialtyp: | Sách giấy |
| Språk: | Vietnamese |
| Publicerad: |
H. :
Thanh niên,
2004
|
| Upplaga: | In lần thứ năm |
| Ämnen: | |
| Taggar: |
Lägg till en tagg
Inga taggar, Lägg till första taggen!
|
| Thư viện lưu trữ: | Thư viện Trường Đại học Đà Lạt |
|---|
| LEADER | 00884nam a2200337 4500 | ||
|---|---|---|---|
| 001 | DLU040028737 | ||
| 005 | ##20040805 | ||
| 040 | # | # | |a DLU |b vie |
| 041 | # | # | |a vie |
| 044 | # | # | |a vn |
| 082 | # | # | |a 891.813 |b PR-X |
| 100 | # | # | |a Pro-Đep, Xtê-Phan |
| 245 | # | # | |a Mùa xuân của một thiên tài / |c Xtê-Phan Pro-Đep; Trần Khuyến, Cẩm Tiêu dịch |
| 250 | # | # | |a In lần thứ năm |
| 260 | # | # | |a H. : |b Thanh niên, |c 2004 |
| 300 | # | # | |a 307 tr. ; |c 21 cm |
| 600 | # | # | |a Engels, Friedrich, |d 1820-1895. |
| 650 | # | # | |a Tiểu thuyết Bungary. |
| 650 | # | # | |a Văn học Bungary. |
| 700 | # | # | |a Cẩm Tiêu |e dịch |
| 700 | # | # | |a Trần Khuyến |e dịch |
| 923 | # | # | |a 24/2004 |
| 992 | # | # | |a 40.000 |
| 994 | # | # | |a DLU |
| 900 | # | # | |a True |
| 911 | # | # | |a Đào Thị Thu Huyền |
| 925 | # | # | |a G |
| 926 | # | # | |a A |
| 927 | # | # | |a SH |
| 980 | # | # | |a Thư viện Trường Đại học Đà Lạt |